000
00249nam a2200097Ia 4500
005
20251222114415.0
008
251222s1900||||xx |||||||||||||| ||spa||
082
_a
DVD0070/M61/1951
245
0
_a
Un americano en París:An american in París
942
_c
DVD
999
_c
2195
_d
2195